A comparative study of staff grievances redresal machinery in Railway Protection Force and Central Industrial Security Force (Record no. 493606)

000 -LEADER
fixed length control field 00631cam a22001577a 4500
008 - FIXED-LENGTH DATA ELEMENTS--GENERAL INFORMATION
fixed length control field 180718b2008 xxu||||| |||| 00| 0 eng d
082 ## - DEWEY DECIMAL CLASSIFICATION NUMBER
Classification number APPPA 2007-08/SIN
100 ## - MAIN ENTRY--PERSONAL NAME
Personal name Singh, Nirmal
245 ## - TITLE STATEMENT
Title A comparative study of staff grievances redresal machinery in Railway Protection Force and Central Industrial Security Force
Statement of responsibility, etc. by Nirmal Singh
260 ## - PUBLICATION, DISTRIBUTION, ETC.
Place of publication, distribution, etc. New Delhi
Name of publisher, distributor, etc. Indian Institute of Public Administration
Date of publication, distribution, etc. 2008
300 ## - PHYSICAL DESCRIPTION
Extent 77p.
500 ## - GENERAL NOTE
General note An APPPA M.Phil dissertation, 2007-08 (Guide: Sachin Chowdhry)
650 ## - SUBJECT ADDED ENTRY--TOPICAL TERM
Topical term or geographic name entry element Central Industrial Security Force - India
650 ## - SUBJECT ADDED ENTRY--TOPICAL TERM
Topical term or geographic name entry element Railways - India
650 ## - SUBJECT ADDED ENTRY--TOPICAL TERM
Topical term or geographic name entry element Railroads - India
Holdings
Withdrawn status Lost status Damaged status Not for loan Permanent Location Current Location Date acquired Full call number Barcode Date last seen Price effective from Koha item type
        Indian Institute of Public Administration Indian Institute of Public Administration 2018-08-04 APPPA 2007-08/SIN GR18029 2018-08-04 2018-08-04 GR

Powered by Koha